| 000 | 00892nam a2200265 a 4500 | ||
|---|---|---|---|
| 001 | 697 | ||
| 003 | BR-CuiBMT | ||
| 005 | 20231129144959.0 | ||
| 008 | 230929s2005 rjb 000 0 por d | ||
| 020 | _a857387628X | ||
| 040 |
_aBR-CuiBMT _cBR-CuiBMT |
||
| 080 |
_a35.078.2:347.51 _22007 |
||
| 090 |
_a35.078.2:347.51 _bW699r |
||
| 100 | 1 | _aWilleman, Flávio de Araújo | |
| 245 | 1 | 0 |
_aResponsabilidade civil das agências reguladoras / _cFlávio de Araújo Willeman. |
| 260 |
_aRio de Janeiro : _bLumen Juris, _c2005. |
||
| 300 |
_axxxv, 282 p. ; _c21 cm |
||
| 490 | 1 | _aColeção direito regulatório | |
| 504 | _aInclui bibliografia. | ||
| 650 |
_aAgência reguladora _vResponsabilidade civil _zBrasil |
||
| 650 |
_aCódigo civil _zBrasil |
||
| 650 |
_aPessoa jurídica de direito público _xResponsabilidade civil _zBrasil |
||
| 830 | 0 | _aColeção direito regulatório | |
| 942 |
_2udc _cLV |
||
| 999 |
_c697 _d697 |
||